[Event "DEM U12w 2025"]
[Site "Willingen GER"]
[Date "2025.06.08"]
[Round "2"]
[White "Shynkar, Daria"]
[Black "Bayer, Klara"]
[Result "1-0"]
[Termination "normal"]
[Board "5"]
[WhiteElo "1733"]
[BlackElo "1678"]
[WhiteClock "00:40:22"]
[BlackClock "00:40:38"]
[PlyCount "61"]
[WhiteFideId "34163212"]
[BlackFideId "34658955"]
[EventCountry "GER"]
[EventRounds "9"]
[EventType "swiss"]
[EventDate "2025.06.07"]

1. d4 {[%clk 01:30:58]} {[%emt 00:00:01]} d5 {[%clk 01:30:52]} {[%emt
00:00:08]} 2. c4 {[%clk 01:31:22]} {[%emt 00:00:07]} dxc4 {[%clk 01:31:17]}
{[%emt 00:00:05]} 3. Nf3 {[%clk 01:31:42]} {[%emt 00:00:09]} Nf6 {[%clk
01:31:29]} {[%emt 00:00:19]} 4. e3 {[%clk 01:32:05]} {[%emt 00:00:07]} c5
{[%clk 01:31:48]} {[%emt 00:00:11]} 5. Bxc4 {[%clk 01:32:25]} {[%emt 00:00:10]}
e6 {[%clk 01:31:57]} {[%emt 00:00:21]} 6. O-O {[%clk 01:32:31]} {[%emt
00:00:23]} Nc6 {[%clk 01:32:13]} {[%emt 00:00:15]} 7. a3 {[%clk 01:32:29]}
{[%emt 00:00:32]} cxd4 {[%clk 01:32:37]} {[%emt 00:00:06]} 8. exd4 {[%clk
01:32:19]} {[%emt 00:00:40]} Be7 {[%clk 01:32:52]} {[%emt 00:00:15]} 9. Nc3
{[%clk 01:31:24]} {[%emt 00:01:25]} O-O {[%clk 01:31:27]} {[%emt 00:01:55]} 10.
b4 {[%clk 01:26:09]} {[%emt 00:05:45]} b6 {[%clk 01:28:18]} {[%emt 00:03:38]}
11. Bb2 {[%clk 01:23:36]} {[%emt 00:03:04]} Bb7 {[%clk 01:28:38]} {[%emt
00:00:10]} 12. Qd3 {[%clk 01:22:17]} {[%emt 00:01:47]} Re8 {[%clk 01:28:14]}
{[%emt 00:00:55]} 13. Rad1 {[%clk 01:21:56]} {[%emt 00:00:52]} Rc8 {[%clk
01:25:48]} {[%emt 00:02:56]} 14. Rfe1 {[%clk 01:16:18]} {[%emt 00:06:08]} Qd6
{[%clk 01:18:56]} {[%emt 00:07:21]} 15. Ng5 {[%clk 01:11:40]} {[%emt 00:05:08]}
Bd8 {[%clk 01:15:11]} {[%emt 00:04:16]} 16. Nb5 {[%clk 01:09:12]} {[%emt
00:02:58]} Qf4 {[%clk 00:57:41]} {[%emt 00:17:59]} 17. Bc1 {[%clk 01:04:44]}
{[%emt 00:04:58]} Qg4 {[%clk 00:57:35]} {[%emt 00:00:31]} 18. f3 {[%clk
01:01:55]} {[%emt 00:03:25]} Qh5 {[%clk 00:54:57]} {[%emt 00:03:05]} 19. Nd6
{[%clk 00:57:11]} {[%emt 00:05:16]} Re7 {[%clk 00:49:35]} {[%emt 00:05:51]} 20.
Nxc8 {[%clk 00:57:11]} {[%emt 00:00:32]} Bxc8 {[%clk 00:49:52]} {[%emt
00:00:13]} 21. Bb5 {[%clk 00:52:41]} {[%emt 00:04:59]} Bb7 {[%clk 00:48:57]}
{[%emt 00:01:24]} 22. Ne4 {[%clk 00:49:50]} {[%emt 00:03:22]} Nd5 {[%clk
00:48:12]} {[%emt 00:01:15]} 23. Ng3 {[%clk 00:45:24]} {[%emt 00:04:56]} Qh4
{[%clk 00:45:17]} {[%emt 00:03:25]} 24. Re4 {[%clk 00:43:12]} {[%emt 00:02:43]}
Qf6 {[%clk 00:45:33]} {[%emt 00:00:12]} 25. Rg4 {[%clk 00:42:06]} {[%emt
00:01:37]} Re8 {[%clk 00:44:18]} {[%emt 00:01:46]} 26. Nh5 {[%clk 00:42:04]}
{[%emt 00:00:31]} Qf5 {[%clk 00:42:32]} {[%emt 00:02:16]} 27. Nxg7 {[%clk
00:40:45]} {[%emt 00:01:50]} Qxd3 {[%clk 00:40:08]} {[%emt 00:02:53]} 28. Rxd3
{[%clk 00:39:56]} {[%emt 00:01:19]} Re7 {[%clk 00:40:02]} {[%emt 00:00:35]} 29.
Bxc6 {[%clk 00:39:53]} {[%emt 00:00:34]} Bxc6 {[%clk 00:40:24]} {[%emt
00:00:09]} 30. Nxe6+ {[%clk 00:40:17]} {[%emt 00:00:06]} Kh8 {[%clk 00:40:38]}
{[%emt 00:00:16]} 31. Nxd8 {[%clk 00:40:22]} {[%emt 00:00:24]} 1-0

[Event "DEM U12w 2025"]
[Site "Willingen GER"]
[Date "2025.06.08"]
[Round "2"]
[White "Tischlinger, Lara"]
[Black "Huang, Flora Yueya"]
[Result "1-0"]
[Termination "normal"]
[Board "6"]
[WhiteElo "1592"]
[BlackElo "1652"]
[WhiteClock "00:13:07"]
[BlackClock "01:27:37"]
[PlyCount "101"]
[WhiteFideId "34663401"]
[BlackFideId "533015651"]
[EventCountry "GER"]
[EventRounds "9"]
[EventType "swiss"]
[EventDate "2025.06.07"]

1. e4 {[%clk 01:30:57]} {[%emt 00:00:01]} c5 {[%clk 01:30:55]} {[%emt
00:00:06]} 2. c3 {[%clk 01:31:21]} {[%emt 00:00:06]} e6 {[%clk 01:30:53]}
{[%emt 00:00:32]} 3. d4 {[%clk 01:31:37]} {[%emt 00:00:13]} cxd4 {[%clk
01:31:19]} {[%emt 00:00:04]} 4. cxd4 {[%clk 01:32:00]} {[%emt 00:00:08]} Nf6
{[%clk 01:31:45]} {[%emt 00:00:04]} 5. Nc3 {[%clk 01:32:15]} {[%emt 00:00:14]}
Bb4 {[%clk 01:32:08]} {[%emt 00:00:08]} 6. Bd3 {[%clk 01:32:31]} {[%emt
00:00:13]} Nc6 {[%clk 01:32:28]} {[%emt 00:00:11]} 7. Nf3 {[%clk 01:32:10]}
{[%emt 00:00:50]} d5 {[%clk 01:32:36]} {[%emt 00:00:23]} 8. e5 {[%clk
01:32:19]} {[%emt 00:00:20]} Nd7 {[%clk 01:32:53]} {[%emt 00:00:13]} 9. O-O
{[%clk 01:31:58]} {[%emt 00:00:51]} a6 {[%clk 01:33:06]} {[%emt 00:00:18]} 10.
a3 {[%clk 01:27:57]} {[%emt 00:04:30]} Be7 {[%clk 01:32:56]} {[%emt 00:00:41]}
11. Qc2 {[%clk 01:25:57]} {[%emt 00:02:29]} h6 {[%clk 01:32:15]} {[%emt
00:01:11]} 12. b4 {[%clk 01:20:05]} {[%emt 00:06:22]} Nb6 {[%clk 01:28:19]}
{[%emt 00:04:26]} 13. Qe2 {[%clk 01:03:54]} {[%emt 00:16:42]} Qc7 {[%clk
01:27:55]} {[%emt 00:00:54]} 14. Bb2 {[%clk 01:00:38]} {[%emt 00:03:45]} Bd7
{[%clk 01:27:01]} {[%emt 00:01:24]} 15. Rfc1 {[%clk 00:54:58]} {[%emt
00:06:08]} Qd8 {[%clk 01:26:40]} {[%emt 00:00:53]} 16. Rab1 {[%clk 00:43:39]}
{[%emt 00:11:49]} Na7 {[%clk 01:23:19]} {[%emt 00:03:51]} 17. b5 {[%clk
00:42:07]} {[%emt 00:02:02]} axb5 {[%clk 01:22:52]} {[%emt 00:00:57]} 18. Nxb5
{[%clk 00:42:03]} {[%emt 00:00:34]} Nxb5 {[%clk 01:23:14]} {[%emt 00:00:09]}
19. Bxb5 {[%clk 00:42:24]} {[%emt 00:00:08]} O-O {[%clk 01:22:22]} {[%emt
00:01:23]} 20. Bxd7 {[%clk 00:31:35]} {[%emt 00:11:18]} Qxd7 {[%clk 01:22:06]}
{[%emt 00:00:47]} 21. Nd2 {[%clk 00:24:27]} {[%emt 00:07:37]} Na4 {[%clk
01:22:00]} {[%emt 00:00:35]} 22. Rc2 {[%clk 00:21:41]} {[%emt 00:03:16]} Rfc8
{[%clk 01:21:54]} {[%emt 00:00:36]} 23. Rxc8+ {[%clk 00:17:40]} {[%emt
00:04:32]} Rxc8 {[%clk 01:22:17]} {[%emt 00:00:08]} 24. Nb3 {[%clk 00:11:25]}
{[%emt 00:06:44]} Ra8 {[%clk 01:22:28]} {[%emt 00:00:18]} 25. Ra1 {[%clk
00:07:08]} {[%emt 00:04:47]} Qc7 {[%clk 01:20:36]} {[%emt 00:02:22]} 26. Bc1
{[%clk 00:03:05]} {[%emt 00:04:34]} Qc4 {[%clk 01:16:26]} {[%emt 00:04:40]} 27.
Qe3 {[%clk 00:00:35]} {[%emt 00:03:00]} Bg5 {[%clk 01:13:54]} {[%emt 00:03:02]}
28. Qf3 {[%clk 00:00:34]} {[%emt 00:00:32]} Be7 {[%clk 01:13:40]} {[%emt
00:00:43]} 29. Bd2 {[%clk 00:00:35]} {[%emt 00:00:29]} Qb5 {[%clk 01:12:44]}
{[%emt 00:01:26]} 30. Qg3 {[%clk 00:00:31]} {[%emt 00:00:35]} Kf8 {[%clk
01:12:36]} {[%emt 00:00:38]} 31. Qh3 {[%clk 00:00:45]} {[%emt 00:00:14]} Kg8
{[%clk 01:11:36]} {[%emt 00:01:30]} 32. Qg3 {[%clk 00:01:03]} {[%emt 00:00:13]}
Kh7 {[%clk 01:11:09]} {[%emt 00:00:57]} 33. Qf3 {[%clk 00:00:55]} {[%emt
00:00:38]} Rf8 {[%clk 01:11:29]} {[%emt 00:00:10]} 34. g4 {[%clk 00:00:44]}
{[%emt 00:00:41]} Nb6 {[%clk 01:10:01]} {[%emt 00:01:59]} 35. Qh3 {[%clk
00:00:36]} {[%emt 00:00:36]} Qe2 {[%clk 01:06:19]} {[%emt 00:04:12]} 36. Re1
{[%clk 00:00:37]} {[%emt 00:00:29]} Qb5 {[%clk 01:05:28]} {[%emt 00:01:22]} 37.
g5 {[%clk 00:00:34]} {[%emt 00:00:33]} Rh8 {[%clk 01:05:17]} {[%emt 00:00:41]}
38. gxh6 {[%clk 00:00:37]} {[%emt 00:00:27]} Kg8 {[%clk 01:05:02]} {[%emt
00:00:45]} 39. Qg3 {[%clk 00:00:49]} {[%emt 00:00:18]} g6 {[%clk 01:05:19]}
{[%emt 00:00:13]} 40. h4 {[%clk 00:00:43]} {[%emt 00:00:35]} Kh7 {[%clk
01:02:53]} {[%emt 00:02:57]} 41. Qf3 {[%clk 00:00:40]} {[%emt 00:00:33]} Qe8
{[%clk 01:02:38]} {[%emt 00:00:45]} 42. Bg5 {[%clk 00:00:32]} {[%emt 00:00:38]}
Bxg5 {[%clk 01:02:11]} {[%emt 00:00:57]} 43. hxg5 {[%clk 00:00:53]} {[%emt
00:00:08]} Qe7 {[%clk 01:02:38]} {[%emt 00:00:05]} 44. Qf4 {[%clk 00:00:31]}
{[%emt 00:00:51]} Rc8 {[%clk 01:02:32]} {[%emt 00:00:37]} 45. Rc1 {[%clk
00:00:31]} {[%emt 00:00:30]} Ra8 {[%clk 01:01:21]} {[%emt 00:01:41]} 46. Nd2
{[%clk 00:18:14]} {[%emt 00:12:45]} Rxa3 {[%clk 01:31:05]} {[%emt 00:00:46]}
47. Rc7 {[%clk 00:14:10]} {[%emt 00:04:35]} Ra1+ {[%clk 01:26:46]} {[%emt
00:04:49]} 48. Kg2 {[%clk 00:13:28]} {[%emt 00:01:11]} Nd7 {[%clk 01:26:55]}
{[%emt 00:00:21]} 49. Rxd7 {[%clk 00:13:45]} {[%emt 00:00:14]} Qe8 {[%clk
01:27:15]} {[%emt 00:00:10]} 50. Qf6 {[%clk 00:13:07]} {[%emt 00:01:07]} Kg8
{[%clk 01:27:37]} {[%emt 00:00:09]} 51. Qg7# {[%emt 00:00:05]} 1-0

[Event "DEM U12w 2025"]
[Site "Willingen GER"]
[Date "2025.06.08"]
[Round "2"]
[White "Suryaprakash, Smrithi"]
[Black "Lukas, Olivia"]
[Result "0-1"]
[Termination "normal"]
[Board "7"]
[WhiteElo "1731"]
[BlackElo "1585"]
[WhiteClock "00:29:20"]
[BlackClock "00:26:26"]
[PlyCount "110"]
[WhiteFideId "34637826"]
[BlackFideId "34632239"]
[EventCountry "GER"]
[EventRounds "9"]
[EventType "swiss"]
[EventDate "2025.06.07"]

1. e4 {[%clk 01:30:37]} {[%emt 00:00:23]} e5 {[%clk 01:30:55]} {[%emt
00:00:05]} 2. Nf3 {[%clk 01:31:02]} {[%emt 00:00:04]} Nc6 {[%clk 01:31:22]}
{[%emt 00:00:04]} 3. Bb5 {[%clk 01:31:17]} {[%emt 00:00:15]} Nge7 {[%clk
01:31:47]} {[%emt 00:00:05]} 4. Nc3 {[%clk 01:31:28]} {[%emt 00:00:19]} g6
{[%clk 01:30:49]} {[%emt 00:01:28]} 5. d4 {[%clk 01:30:47]} {[%emt 00:01:11]}
exd4 {[%clk 01:29:59]} {[%emt 00:01:20]} 6. Nxd4 {[%clk 01:30:42]} {[%emt
00:00:35]} Bg7 {[%clk 01:29:21]} {[%emt 00:01:07]} 7. Nxc6 {[%clk 01:30:56]}
{[%emt 00:00:18]} bxc6 {[%clk 01:29:32]} {[%emt 00:00:18]} 8. Bc4 {[%clk
01:31:20]} {[%emt 00:00:07]} O-O {[%clk 01:29:00]} {[%emt 00:01:00]} 9. O-O
{[%clk 01:31:38]} {[%emt 00:00:12]} Bb7 {[%clk 01:28:01]} {[%emt 00:01:30]} 10.
Be3 {[%clk 01:22:55]} {[%emt 00:09:11]} d5 {[%clk 01:26:12]} {[%emt 00:02:20]}
11. exd5 {[%clk 01:17:27]} {[%emt 00:05:59]} cxd5 {[%clk 01:26:35]} {[%emt
00:00:07]} 12. Bc5 {[%clk 01:15:46]} {[%emt 00:02:11]} dxc4 {[%clk 01:13:41]}
{[%emt 00:13:24]} 13. Qxd8 {[%clk 01:15:58]} {[%emt 00:00:18]} Rfxd8 {[%clk
01:14:04]} {[%emt 00:00:07]} 14. Bxe7 {[%clk 01:16:08]} {[%emt 00:00:20]} Rd2
{[%clk 01:09:05]} {[%emt 00:05:28]} 15. Rac1 {[%clk 01:10:28]} {[%emt
00:06:11]} Bxc3 {[%clk 01:01:23]} {[%emt 00:08:11]} 16. bxc3 {[%clk 01:09:12]}
{[%emt 00:01:47]} Be4 {[%clk 01:00:21]} {[%emt 00:01:31]} 17. Rfe1 {[%clk
01:06:46]} {[%emt 00:02:56]} Rxc2 {[%clk 00:57:28]} {[%emt 00:03:23]} 18. Rxc2
{[%clk 01:07:06]} {[%emt 00:00:10]} Bxc2 {[%clk 00:57:54]} {[%emt 00:00:05]}
19. Bf6 {[%clk 01:07:32]} {[%emt 00:00:04]} Rb8 {[%clk 00:55:26]} {[%emt
00:02:57]} 20. h3 {[%clk 01:03:27]} {[%emt 00:04:36]} Kf8 {[%clk 00:40:12]}
{[%emt 00:15:43]} 21. Be7+ {[%clk 00:58:26]} {[%emt 00:05:32]} Kg7 {[%clk
00:36:33]} {[%emt 00:04:08]} 22. Bb4 {[%clk 00:58:35]} {[%emt 00:00:21]} Rb5
{[%clk 00:34:04]} {[%emt 00:02:59]} 23. a4 {[%clk 00:55:36]} {[%emt 00:03:30]}
Rb7 {[%clk 00:32:29]} {[%emt 00:02:05]} 24. a5 {[%clk 00:55:40]} {[%emt
00:00:27]} Rb5 {[%clk 00:32:18]} {[%emt 00:00:40]} 25. Re7 {[%clk 00:44:30]}
{[%emt 00:11:40]} c5 {[%clk 00:30:59]} {[%emt 00:01:50]} 26. Ba3 {[%clk
00:40:58]} {[%emt 00:04:02]} Rxa5 {[%clk 00:31:17]} {[%emt 00:00:11]} 27. Bb2
{[%clk 00:41:23]} {[%emt 00:00:05]} Ra2 {[%clk 00:31:00]} {[%emt 00:00:48]} 28.
Bc1 {[%clk 00:41:40]} {[%emt 00:00:11]} a5 {[%clk 00:30:53]} {[%emt 00:00:38]}
29. Be3 {[%clk 00:41:31]} {[%emt 00:00:38]} a4 {[%clk 00:29:06]} {[%emt
00:02:19]} 30. Bxc5 {[%clk 00:41:54]} {[%emt 00:00:06]} a3 {[%clk 00:28:08]}
{[%emt 00:01:28]} 31. Ra7 {[%clk 00:38:21]} {[%emt 00:04:03]} Ra1+ {[%clk
00:28:28]} {[%emt 00:00:10]} 32. Kh2 {[%clk 00:38:47]} {[%emt 00:00:05]} a2
{[%clk 00:27:29]} {[%emt 00:01:28]} 33. Bd4+ {[%clk 00:38:43]} {[%emt
00:00:33]} Kh6 {[%clk 00:27:40]} {[%emt 00:00:19]} 34. Rxf7 {[%clk 00:38:33]}
{[%emt 00:00:41]} Rh1+ {[%clk 00:25:02]} {[%emt 00:03:08]} 35. Kg3 {[%clk
00:38:57]} {[%emt 00:00:05]} g5 {[%clk 00:24:04]} {[%emt 00:01:29]} 36. Rf6+
{[%clk 00:38:44]} {[%emt 00:00:43]} Bg6 {[%clk 00:23:53]} {[%emt 00:00:40]} 37.
Ra6 {[%clk 00:33:58]} {[%emt 00:05:17]} a1=Q {[%clk 00:24:15]} {[%emt
00:00:08]} 38. Rxa1 {[%emt 00:00:07]} Rxa1 {[%emt 00:00:08]} 39. Kg4 {[%clk
00:26:46]} {[%emt 00:07:26]} Rd1 {[%clk 00:23:33]} {[%emt 00:01:11]} 40. Bf6
{[%clk 00:26:53]} {[%emt 00:00:25]} Bh5+ {[%clk 00:22:59]} {[%emt 00:01:03]}
41. Kg3 {[%clk 00:26:25]} {[%emt 00:00:59]} Kg6 {[%clk 00:23:02]} {[%emt
00:00:26]} 42. Bh8 {[%clk 00:26:34]} {[%emt 00:00:22]} Rd3+ {[%clk 00:22:39]}
{[%emt 00:00:51]} 43. Kh2 {[%clk 00:26:14]} {[%emt 00:00:51]} Rd8 {[%clk
00:22:35]} {[%emt 00:00:34]} 44. Be5 {[%clk 00:26:20]} {[%emt 00:00:24]} Kf5
{[%clk 00:23:00]} {[%emt 00:00:05]} 45. Bc7 {[%clk 00:26:38]} {[%emt 00:00:13]}
Rd7 {[%clk 00:23:04]} {[%emt 00:00:25]} 46. Ba5 {[%clk 00:27:00]} {[%emt
00:00:07]} Ke4 {[%clk 00:22:58]} {[%emt 00:00:37]} 47. g4 {[%clk 00:27:11]}
{[%emt 00:00:19]} Bg6 {[%clk 00:23:18]} {[%emt 00:00:09]} 48. Kg2 {[%clk
00:26:51]} {[%emt 00:00:52]} Kd3 {[%clk 00:23:37]} {[%emt 00:00:10]} 49. Kg3
{[%clk 00:26:56]} {[%emt 00:00:25]} Rd5 {[%clk 00:23:59]} {[%emt 00:00:08]} 50.
Bb4 {[%clk 00:27:20]} {[%emt 00:00:08]} Rb5 {[%clk 00:24:23]} {[%emt 00:00:05]}
51. f3 {[%clk 00:27:37]} {[%emt 00:00:13]} Rxb4 {[%clk 00:24:47]} {[%emt
00:00:06]} 52. cxb4 {[%clk 00:28:01]} {[%emt 00:00:05]} c3 {[%clk 00:25:12]}
{[%emt 00:00:06]} 53. b5 {[%clk 00:28:27]} {[%emt 00:00:04]} c2 {[%clk
00:25:39]} {[%emt 00:00:03]} 54. b6 {[%clk 00:28:55]} {[%emt 00:00:03]} c1=Q
{[%clk 00:26:02]} {[%emt 00:00:07]} 55. b7 {[%clk 00:29:20]} {[%emt 00:00:04]}
Qg1 {[%clk 00:26:26]} {[%emt 00:00:05]} 0-1

[Event "DEM U12w 2025"]
[Site "Willingen GER"]
[Date "2025.06.08"]
[Round "2"]
[White "Döscher, Nayla"]
[Black "Ratushna, Olha"]
[Result "0-1"]
[Termination "normal"]
[Board "8"]
[WhiteElo "1495"]
[BlackElo "1734"]
[WhiteClock "00:24:43"]
[BlackClock "01:50:32"]
[PlyCount "94"]
[WhiteFideId "34625046"]
[BlackFideId "34172602"]
[EventCountry "GER"]
[EventRounds "9"]
[EventType "swiss"]
[EventDate "2025.06.07"]

1. e4 {[%clk 01:30:59]} e5 {[%clk 01:30:55]} {[%emt 00:00:06]} 2. Nf3 {[%clk
01:31:21]} {[%emt 00:00:07]} Nc6 {[%clk 01:31:24]} 3. Nc3 {[%clk 01:31:37]}
{[%emt 00:00:15]} Nf6 {[%clk 01:31:52]} {[%emt 00:00:03]} 4. Bb5 {[%clk
01:31:58]} {[%emt 00:00:09]} Be7 {[%clk 01:32:21]} 5. O-O {[%emt 00:01:45]} d6
{[%emt 00:00:01]} 6. h3 {[%clk 01:30:32]} {[%emt 00:00:40]} Bd7 {[%clk
01:33:18]} {[%emt 00:00:03]} 7. d3 {[%clk 01:29:13]} {[%emt 00:01:48]} O-O
{[%clk 01:33:34]} {[%emt 00:00:14]} 8. Be3 {[%clk 01:23:37]} {[%emt 00:06:06]}
a6 {[%clk 01:32:45]} {[%emt 00:01:18]} 9. Ba4 {[%clk 01:22:54]} {[%emt
00:01:14]} b5 {[%clk 01:32:23]} {[%emt 00:00:53]} 10. Bb3 {[%clk 01:23:12]}
{[%emt 00:00:11]} Na5 {[%clk 01:32:39]} {[%emt 00:00:14]} 11. d4 {[%clk
01:16:30]} {[%emt 00:07:11]} exd4 {[%clk 01:32:08]} {[%emt 00:01:02]} 12. Bxd4
{[%clk 01:12:27]} {[%emt 00:04:33]} c5 {[%clk 01:28:57]} {[%emt 00:03:41]} 13.
Bxf6 {[%clk 01:12:12]} {[%emt 00:00:44]} Bxf6 {[%clk 01:29:25]} {[%emt
00:00:03]} 14. Bd5 {[%clk 01:10:57]} {[%emt 00:01:43]} Rb8 {[%clk 01:27:52]}
{[%emt 00:02:05]} 15. Rb1 {[%clk 01:09:48]} {[%emt 00:01:39]} Bxc3 {[%clk
01:26:35]} {[%emt 00:01:47]} 16. bxc3 {[%clk 01:09:42]} {[%emt 00:00:35]} Bc6
{[%clk 01:26:02]} {[%emt 00:01:04]} 17. Re1 {[%clk 01:05:43]} {[%emt 00:04:29]}
Re8 {[%clk 01:24:49]} {[%emt 00:01:43]} 18. Qd2 {[%clk 00:58:55]} {[%emt
00:07:16]} Qf6 {[%clk 01:23:51]} {[%emt 00:01:30]} 19. Rbd1 {[%clk 00:52:32]}
{[%emt 00:06:52]} Rbd8 {[%clk 01:24:12]} {[%emt 00:00:10]} 20. Re3 {[%clk
00:38:27]} {[%emt 00:14:34]} Bxd5 {[%clk 01:20:00]} {[%emt 00:04:43]} 21. exd5
{[%clk 00:35:29]} {[%emt 00:03:28]} Nc4 {[%clk 01:19:39]} {[%emt 00:00:51]} 22.
Rxe8+ {[%clk 00:35:39]} {[%emt 00:00:20]} Rxe8 {[%clk 01:20:06]} {[%emt
00:00:03]} 23. Re1 {[%clk 00:30:02]} {[%emt 00:06:06]} Rxe1+ {[%clk 01:20:00]}
{[%emt 00:00:36]} 24. Qxe1 {[%clk 00:30:15]} {[%emt 00:00:18]} Ne5 {[%clk
01:18:15]} {[%emt 00:02:03]} 25. Nxe5 {[%clk 00:23:08]} {[%emt 00:07:49]} Qxe5
{[%clk 01:18:18]} {[%emt 00:00:27]} 26. Qxe5 {[%clk 00:21:32]} {[%emt
00:02:06]} dxe5 {[%clk 01:18:45]} {[%emt 00:00:03]} 27. Kf1 {[%clk 00:21:41]}
{[%emt 00:00:20]} Kf8 {[%clk 01:19:14]} {[%emt 00:00:02]} 28. Ke2 {[%clk
00:21:58]} {[%emt 00:00:13]} Ke7 {[%clk 01:19:42]} {[%emt 00:00:02]} 29. Kd3
{[%clk 00:21:39]} {[%emt 00:00:48]} c4+ {[%clk 01:18:45]} {[%emt 00:01:28]} 30.
Ke4 {[%clk 00:17:58]} {[%emt 00:04:11]} Kd6 {[%clk 01:19:07]} {[%emt 00:00:09]}
31. g4 {[%clk 00:17:13]} {[%emt 00:01:14]} f6 {[%clk 01:18:50]} {[%emt
00:00:47]} 32. h4 {[%clk 00:14:55]} {[%emt 00:02:48]} g6 {[%clk 01:19:11]}
{[%emt 00:00:10]} 33. f3 {[%clk 00:04:35]} {[%emt 00:10:49]} a5 {[%clk
01:17:57]} {[%emt 00:01:43]} 34. a3 {[%clk 00:02:35]} {[%emt 00:02:30]} h5
{[%clk 01:17:19]} {[%emt 00:01:08]} 35. gxh5 {[%clk 00:00:41]} {[%emt
00:02:25]} f5+ {[%clk 01:17:48]} {[%emt 00:00:01]} 36. Ke3 {[%clk 00:00:44]}
{[%emt 00:00:26]} gxh5 {[%clk 01:18:09]} {[%emt 00:00:09]} 37. f4 {[%clk
00:00:56]} {[%emt 00:00:19]} Kxd5 {[%clk 01:18:10]} {[%emt 00:00:30]} 38. Kf3
{[%clk 00:00:39]} {[%emt 00:00:45]} exf4 {[%clk 01:16:51]} {[%emt 00:01:49]}
39. Kxf4 {[%clk 00:00:53]} {[%emt 00:00:17]} Ke6 {[%clk 01:17:18]} {[%emt
00:00:02]} 40. Kg5 {[%clk 00:00:38]} {[%emt 00:00:46]} Ke5 {[%clk 01:17:45]}
{[%emt 00:00:02]} 41. Kxh5 {[%clk 00:00:46]} {[%emt 00:00:22]} Kf6 {[%clk
01:18:12]} {[%emt 00:00:02]} 42. Kh6 {[%clk 00:30:06]} {[%emt 00:01:12]} f4
{[%clk 01:48:29]} {[%emt 00:00:13]} 43. Kh7 {[%clk 00:26:34]} {[%emt 00:04:01]}
f3 {[%clk 01:48:55]} {[%emt 00:00:05]} 44. h5 {[%clk 00:25:41]} {[%emt
00:01:22]} f2 {[%clk 01:49:22]} {[%emt 00:00:03]} 45. h6 {[%clk 00:25:21]}
{[%emt 00:00:50]} Kf7 {[%clk 01:49:42]} {[%emt 00:00:09]} 46. Kh8 {[%clk
00:25:01]} {[%emt 00:00:52]} f1=Q {[%clk 01:50:06]} {[%emt 00:00:06]} 47. Kh7
{[%clk 00:24:43]} {[%emt 00:00:47]} Qg2 {[%clk 01:50:32]} {[%emt 00:00:03]} 0-1

[Event "DEM U12w 2025"]
[Site "Willingen GER"]
[Date "2025.06.08"]
[Round "2"]
[White "Klymenko, Maria"]
[Black "Greither, Flora"]
[Result "1-0"]
[Termination "normal"]
[Board "9"]
[WhiteElo "1728"]
[BlackElo "1562"]
[WhiteClock "00:56:58"]
[BlackClock "01:04:19"]
[PlyCount "45"]
[WhiteFideId "34620621"]
[BlackFideId "533000697"]
[EventCountry "GER"]
[EventRounds "9"]
[EventType "swiss"]
[EventDate "2025.06.07"]

1. e4 {[%clk 01:30:59]} c5 {[%clk 01:30:32]} {[%emt 00:00:30]} 2. c3 {[%clk
01:31:21]} {[%emt 00:00:07]} Nc6 {[%clk 01:30:39]} {[%emt 00:00:22]} 3. d4
{[%clk 01:31:42]} {[%emt 00:00:09]} cxd4 {[%clk 01:30:45]} {[%emt 00:00:25]} 4.
cxd4 {[%clk 01:32:06]} {[%emt 00:00:05]} d6 {[%clk 01:31:05]} {[%emt 00:00:11]}
5. Nf3 {[%clk 01:32:26]} {[%emt 00:00:10]} Nf6 {[%clk 01:31:26]} {[%emt
00:00:09]} 6. Nc3 {[%clk 01:32:31]} {[%emt 00:00:25]} Bg4 {[%clk 01:31:45]}
{[%emt 00:00:10]} 7. Bb5 {[%clk 01:31:52]} {[%emt 00:01:09]} Bd7 {[%clk
01:31:48]} {[%emt 00:00:28]} 8. Bg5 {[%clk 01:31:42]} {[%emt 00:00:39]} g6
{[%clk 01:31:49]} {[%emt 00:00:29]} 9. O-O {[%clk 01:26:56]} {[%emt 00:05:16]}
Bg7 {[%clk 01:31:20]} {[%emt 00:01:00]} 10. e5 {[%clk 01:11:10]} {[%emt
00:16:16]} dxe5 {[%clk 01:28:41]} {[%emt 00:03:09]} 11. dxe5 {[%clk 01:11:28]}
{[%emt 00:00:12]} Ng4 {[%clk 01:25:42]} {[%emt 00:03:27]} 12. Nd5 {[%clk
01:11:03]} {[%emt 00:00:55]} h6 {[%clk 01:21:25]} {[%emt 00:04:48]} 13. Bxc6
{[%clk 01:06:17]} {[%emt 00:05:16]} hxg5 {[%clk 01:19:13]} {[%emt 00:02:43]}
14. Bxd7+ {[%clk 01:04:55]} {[%emt 00:01:52]} Qxd7 {[%clk 01:18:27]} {[%emt
00:01:16]} 15. Rc1 {[%clk 01:04:16]} {[%emt 00:01:07]} Rd8 {[%clk 01:08:44]}
{[%emt 00:10:15]} 16. Nc7+ {[%clk 00:57:35]} {[%emt 00:07:11]} Kf8 {[%clk
01:08:39]} {[%emt 00:00:35]} 17. Qxd7 {[%clk 00:57:41]} {[%emt 00:00:23]} Rxd7
{[%clk 01:08:45]} {[%emt 00:00:25]} 18. Ne6+ {[%clk 00:56:33]} {[%emt
00:01:37]} Kg8 {[%clk 01:04:05]} {[%emt 00:05:11]} 19. Rc8+ {[%clk 00:56:26]}
{[%emt 00:00:36]} Kh7 {[%clk 01:04:17]} {[%emt 00:00:19]} 20. Nfxg5+ {[%clk
00:56:16]} {[%emt 00:00:40]} Kh6 {[%clk 01:04:31]} {[%emt 00:00:15]} 21. Nxf7+
{[%clk 00:56:39]} {[%emt 00:00:07]} Kh5 {[%clk 01:04:17]} {[%emt 00:00:44]} 22.
Nf4+ {[%clk 00:56:58]} {[%emt 00:00:11]} Kh4 {[%clk 01:04:19]} {[%emt
00:00:28]} 23. g3# {[%emt 00:00:06]} 1-0